<?xml version="1.0" encoding="UTF-8"?>
<record
    xmlns:xsi="http://www.w3.org/2001/XMLSchema-instance"
    xsi:schemaLocation="http://www.loc.gov/MARC21/slim http://www.loc.gov/standards/marcxml/schema/MARC21slim.xsd"
    xmlns="http://www.loc.gov/MARC21/slim">

  <leader>01115nam2a2200265   4500</leader>
  <controlfield tag="001">rc\2989895</controlfield>
  <controlfield tag="005">20260315063107.0</controlfield>
  <datafield tag="035" ind1=" " ind2=" ">
    <subfield code="a">(NLR Aleph) 007134057</subfield>
  </datafield>
  <datafield tag="090" ind1=" " ind2=" ">
    <subfield code="a">13613290</subfield>
    <subfield code="c">13613290</subfield>
  </datafield>
  <datafield tag="100" ind1=" " ind2=" ">
    <subfield code="a">20110914d1945    u  y0rusy50      ca</subfield>
  </datafield>
  <datafield tag="101" ind1="1" ind2=" ">
    <subfield code="a">rus</subfield>
    <subfield code="c">eng</subfield>
  </datafield>
  <datafield tag="102" ind1=" " ind2=" ">
    <subfield code="a">RU</subfield>
  </datafield>
  <datafield tag="105" ind1=" " ind2=" ">
    <subfield code="a">ea  z   |||||</subfield>
  </datafield>
  <datafield tag="200" ind1="1" ind2=" ">
    <subfield code="a">&#x412;&#x430;&#x433;&#x43E;&#x43D;&#x44B;</subfield>
    <subfield code="f">&#x41F;&#x435;&#x440;. &#x441; &#x430;&#x43D;&#x433;&#x43B;. &#x41F;.&#x412;. &#x411;&#x435;&#x440;&#x433;&#x430;</subfield>
    <subfield code="g">&#x41F;&#x43E;&#x434; &#x440;&#x435;&#x434;. &#x41F;.&#x418;. &#x422;&#x440;&#x430;&#x432;&#x438;&#x43D;&#x430;</subfield>
  </datafield>
  <datafield tag="210" ind1=" " ind2=" ">
    <subfield code="d">1945</subfield>
  </datafield>
  <datafield tag="215" ind1=" " ind2=" ">
    <subfield code="a">2 &#x442;. &#x43B;., 630 &#x441;., 1 &#x43B;. &#x43F;&#x43B;&#x430;&#x43D;.</subfield>
    <subfield code="c">&#x438;&#x43B;., &#x447;&#x435;&#x440;&#x442;., &#x43F;&#x43B;&#x430;&#x43D;.</subfield>
  </datafield>
  <datafield tag="320" ind1=" " ind2=" ">
    <subfield code="a">&#x410;&#x43B;&#x444;. &#x443;&#x43A;&#x430;&#x437;&#x430;&#x442;&#x435;&#x43B;&#x44C;: &#x441;. 599-627</subfield>
  </datafield>
  <datafield tag="461" ind1=" " ind2="0">
    <subfield code="1">001rc\2989894</subfield>
    <subfield code="1">2001#$a&#x410;&#x43C;&#x435;&#x440;&#x438;&#x43A;&#x430;&#x43D;&#x441;&#x43A;&#x438;&#x435; &#x436;&#x435;&#x43B;&#x435;&#x437;&#x43D;&#x43E;&#x434;&#x43E;&#x440;&#x43E;&#x436;&#x43D;&#x44B;&#x435; &#x44D;&#x43D;&#x446;&#x438;&#x43A;&#x43B;&#x43E;&#x43F;&#x435;&#x434;&#x438;&#x438;$e&#x41F;&#x435;&#x440;. &#x441; &#x430;&#x43D;&#x433;&#x43B;.$v&#x442;. 2</subfield>
    <subfield code="9">6988691</subfield>
    <subfield code="c">&#x41C;&#x43E;&#x441;&#x43A;&#x432;&#x430;</subfield>
    <subfield code="d">1945</subfield>
    <subfield code="n">&#x438;&#x437;&#x434;-&#x432;&#x43E; &#x438; 1 &#x442;&#x438;&#x43F;. &#x422;&#x440;&#x430;&#x43D;&#x441;&#x436;&#x435;&#x43B;&#x434;&#x43E;&#x440;&#x438;&#x437;&#x434;&#x430;&#x442;&#x430;</subfield>
    <subfield code="o">&#x41F;&#x435;&#x440;. &#x441; &#x430;&#x43D;&#x433;&#x43B;.</subfield>
    <subfield code="t">&#x410;&#x43C;&#x435;&#x440;&#x438;&#x43A;&#x430;&#x43D;&#x441;&#x43A;&#x438;&#x435; &#x436;&#x435;&#x43B;&#x435;&#x437;&#x43D;&#x43E;&#x434;&#x43E;&#x440;&#x43E;&#x436;&#x43D;&#x44B;&#x435; &#x44D;&#x43D;&#x446;&#x438;&#x43A;&#x43B;&#x43E;&#x43F;&#x435;&#x434;&#x438;&#x438;</subfield>
    <subfield code="v">&#x442;. 2</subfield>
  </datafield>
  <datafield tag="702" ind1=" " ind2="1">
    <subfield code="a">&#x422;&#x440;&#x430;&#x432;&#x438;&#x43D;</subfield>
    <subfield code="b">&#x41F;.&#x418;.</subfield>
    <subfield code="4">340</subfield>
  </datafield>
  <datafield tag="702" ind1=" " ind2="1">
    <subfield code="a">&#x411;&#x435;&#x440;&#x433;</subfield>
    <subfield code="b">&#x41F;.&#x412;.</subfield>
    <subfield code="4">730</subfield>
  </datafield>
  <datafield tag="801" ind1=" " ind2="0">
    <subfield code="a">RU</subfield>
    <subfield code="b">NLR</subfield>
    <subfield code="g">psbo</subfield>
  </datafield>
  <datafield tag="801" ind1=" " ind2="1">
    <subfield code="a">RU</subfield>
    <subfield code="b">ELAR</subfield>
    <subfield code="2">rusmarc</subfield>
  </datafield>
  <datafield tag="852" ind1=" " ind2=" ">
    <subfield code="a">NLR</subfield>
    <subfield code="j">&#x422;88 &#x413;-7/15</subfield>
  </datafield>
  <datafield tag="942" ind1=" " ind2=" ">
    <subfield code="c">UNSPEC</subfield>
  </datafield>
  <datafield tag="980" ind1=" " ind2=" ">
    <subfield code="a">NB</subfield>
  </datafield>
</record>
